000 00640nam a2200193Ii 4500
003 JO-AjNU
008 230606s9999||||xx |||||||||||||| ||und||
040 _aJO-AjNU
_beng
_erda
_cJO-AjNU
041 _aeng
050 1 4 _aPN1031.B63.1958
100 3 _aBodkin, Maud,
_eauthor
_95556
245 0 0 _aArchetypal patterns in poetry : psychological studies of imagination
264 3 1 _aNew York: Vintage Books ,1958
300 _a324p
_b Includes indexes
336 _atext
_btxt
_2rdacontent
337 _aunmediated
_bn
_2rdamedia
338 _avolume
_bnc
_2rdacarrier
650 4 _aPoetry - History and criticism-Literature - Psychology
_95557
999 _aE2874
_c2872
_d2872